Guess the TV Show in 3 Words III Quiz Stats

 Plays Quiz Updated Jun 29, 2020

     
Support Sporcle.
Go Orange.
Score 0/60 Timer 09:00
2 Plays Today
% Correct
Teenage Mutant Ninja Turtles
91.1%
Popeye the Sailor
90.8%
The Newlywed Game
87.9%
The Biggest Loser
87.6%
Star Trek
87.4%
Naked and Afraid
84.9%
SpongeBob SquarePants
84.9%
The Muppet Show
83.5%
Name That Tune
83%
The Smurfs
81.5%
The Amazing Race
81.3%
Nip|Tuck
80.6%
Downton Abbey
80.6%
Jon and Kate Plus 8
80.5%
Supergirl
80.1%
Shark Tank
80.1%
The Office
79.5%
Property Brothers
78.6%
WKRP in Cincinnati
78.1%
Weeds
78.1%
The West Wing
77.7%
The Six Million Dollar Man
77.1%
Knight Rider
76.5%
Hawaii Five-O
75.9%
Roots
75.3%
MTV Unplugged
75.2%
Cold Case
74.7%
Monk
74.4%
Doctor Who
73.4%
Six Feet Under
72%
% Correct
The Rocky and Bullwinkle Show
71.9%
Northern Exposure
71.4%
Thomas & Friends
71.1%
Fat Albert and the Cosby Kids
70.9%
Top Chef
67%
The Magic School Bus
66.6%
Arthur
66.5%
The Little Rascals
66.1%
The Untouchables
65.7%
Who's the Boss?
63.7%
The Three Stooges
59.7%
Bob's Burgers
59.1%
Phineas and Ferb
59%
What's My Line?
58.1%
Samurai Jack
57.9%
Sanford and Son
56.6%
Ugly Betty
55%
Newhart
55%
Inspector Gadget
54.5%
Fawlty Towers
54.4%
Robot Chicken
53.8%
Oz
53%
Hollywood Squares
51.4%
Petticoat Junction
49.9%
Underdog
48.2%
The Quick Draw McGraw Show
46.3%
Starsky & Hutch
38%
Kolchak: The Night Stalker
37.5%
You Bet Your Life
34.6%
Wipeout
33.8%

From the Vault

Hidden Neighbors of Oklahoma

by smac17

Geography 60s
Sorry Oklahoma, it's not you, it's us. But between the rest of us, it's totally Oklahoma.
Remove Ads.
Support Sporcle.
Get the best of Sporcle when you Go Orange. This ad-free experience offers more features, more stats, and more fun while also helping to support Sporcle. Thank you for becoming a member.

Show Comments

Extras

Top Quizzes Today


Score Distribution

Your Account Isn't Verified!

In order to create a playlist on Sporcle, you need to verify the email address you used during registration. Go to your Sporcle Settings to finish the process.

Report this User

Report this user for behavior that violates our Community Guidelines.

Details: